| 000 | 01241nam0a2200253 4500 | ||
|---|---|---|---|
| 001 | RU\NLR\BIBL_A\022837125 | ||
| 005 | 20260622111422.0 | ||
| 035 | _a(NLR Aleph) 022837125 | ||
| 090 |
_a13735722 _c13735722 |
||
| 100 | _a20260618d1966 u y0rusy50 ca | ||
| 101 | 0 | _aaze | |
| 102 | _aAZ | ||
| 105 | _ay ||||||||| | ||
| 200 | 1 |
_aСовет Гырмызы Хач ҹәмиjjәти _e(ССРИ Гырмызы Хач вә Гырмызы Аjпара ҹәм. Иттифагынын фәалиjjәти һаггында материаллар) _gССРИ Гырмызы Хач вә Гырмызы Аjпара ҹәм. Иттифагынын Иҹраиjjә ком. _fФ.Г. Захаров, Л.Н. Галчева, J. В. Кузин вә б. |
|
| 210 |
_aБакы _cАзәрнәшр _d1966 |
||
| 215 |
_a98,[1] с. _d20 |
||
| 541 | 1 |
_aСоветский Красный Крест _e(материалы о деятельности Союза обществ Красного креста и красного полумесяца СССР) _zrus |
|
| 701 | 1 |
_aЗахаров _bФ.Г. _4070 |
|
| 701 | 1 |
_aГалчева _bЛ.Н. _4070 |
|
| 701 | 1 |
_aКузин _bЕ.В. _4070 |
|
| 942 | _cBOOK | ||
| 980 | _aONL_RF | ||
| 980 | _aNB | ||